| 000 | 00581nam a2200229 i 4500 | ||
|---|---|---|---|
| 001 | bgj | ||
| 100 | 1 |
_aHARRIS, Thomas _d(1940- ) |
|
| 245 | 1 | 0 |
_aRed Dragon / _cThomas Harris. |
| 260 |
_aToronto : _bBantam Books, _c1982. |
||
| 300 |
_a354 pp ; _c18 cm. |
||
| 650 | 9 | _aGovernment investigators | |
| 650 | 9 | _aSerial murders | |
| 650 | 9 | _aDetective and mystery stories | |
| 650 | 9 | _aMystery fiction | |
| 655 | _aFiction | ||
| 020 | _a0553227467 | ||
| 040 | _cBPK | ||
| 041 | 0 | _aeng | |
| 920 | _a0-553-22746-7 | ||
| 942 | _cKS | ||
| 008 | s uk f |000 0 eng | ||
| 999 |
_c48518 _d48518 |
||
| 856 |
_uhttp://koha.tu.koszalin.pl/cgi-bin/koha/opac-detail.pl?biblionumber=48518 _yKatalog online BPK |
||